Neural Networks, Fuzzy logic and Genetic Algorithms : | Synthesis and Applications (Record no. 19441)
[ view plain ]
| 000 -LEADER | |
|---|---|
| fixed length control field | 00524nam a22001817a 4500 |
| 003 - CONTROL NUMBER IDENTIFIER | |
| control field | OSt |
| 008 - FIXED-LENGTH DATA ELEMENTS--GENERAL INFORMATION | |
| fixed length control field | 250222b |||||||| |||| 00| 0 eng d |
| 020 ## - INTERNATIONAL STANDARD BOOK NUMBER | |
| ISBN | 9 788120 321861 |
| 041 ## - LANGUAGE CODE | |
| Language code of text/sound track or separate title | eng |
| 082 ## - DEWEY DECIMAL CLASSIFICATION NUMBER | |
| Classification number | 006.3 |
| Item number | RAJ/NE |
| 100 ## - MAIN ENTRY--AUTHOR NAME | |
| Personal name | Rajasekaran, S |
| 245 ## - TITLE STATEMENT | |
| Title | Neural Networks, Fuzzy logic and Genetic Algorithms : |
| Remainder of title | Synthesis and Applications |
| 250 ## - EDITION STATEMENT | |
| Edition statement | 8th Printing |
| 260 ## - PUBLICATION, DISTRIBUTION, ETC. (IMPRINT) | |
| Place of publication | New Delhi : |
| Name of publisher | Prentice Hall of India Pvt Ltd, |
| Year of publication | 2007. |
| 300 ## - PHYSICAL DESCRIPTION | |
| Number of Pages | 439p. |
| 700 ## - ADDED ENTRY--PERSONAL NAME | |
| Personal name | Vijayalakshmi Pai, GA |
| 942 ## - ADDED ENTRY ELEMENTS (KOHA) | |
| Koha item type | Books |
| Withdrawn status | Lost status | Damaged status | Home library | Current library | Shelving location | Date acquired | Source of acquisition | Cost, normal purchase price | Full call number | Accession Number | Koha item type |
|---|---|---|---|---|---|---|---|---|---|---|---|
| KAUAET | KAUAET | General Stacks | 22/02/2025 | Higgin Bothers Pvt Ltd, Thiruchirappalli | 325.00 | 006.3 RAJ/NE | 21308 | Books |
